000
00447nam a2200181Ia 4500
008
090124s9999 xx 000 0 und d
082
_b
9390
_a
1363
100
_a
जोग रा.श्री.
245
_a
मोहर
250
_a
1
260
_c
1957
300
_a
40
600
_a
जोग रा.श्री.
630
_a
मोहर
700
_a
जोग रा.श्री.
730
_a
मोहर
942
_c
BOOK
999
_c
123439
_d
123439